000 00767nam a2200253Ia 4500
003 OSt
005 20220927110503.0
006 a|||||r|||| 00| 0
007 ta
008 220926b |||||||| |||| 00| 0 eng d
024 _a104573
037 _cReports
040 _aRTL
_cRTL
_beng
041 _2eng
_aeng
082 _a"z.242.N56t5:g, GD"
110 _a"Himachal Pradesh Administration, Economic and Statistics (Directorate of-)"
_9378756
245 0 _aSecond plan program
_b Report
260 _c1958
300 _a130p.
_ccm.
650 _aGeneralia
700 _a"Himachal Pradesh Administration, Economic and Statistics (Directorate of-)"
_9378757
942 _h"z.242.N56t5:g, GD"
_cCC
999 _c696989
_d696989